A Child Widows Story / (Record no. 171878)

MARC details
000 -LEADER
fixed length control field 00593nam a2200193 4500
005 - DATE AND TIME OF LATEST TRANSACTION
control field 20210831154936.0
010 ## - LCCN (DPL NO)
LC control number ENG-127516 ENG-129806
020 ## - INTERNATIONAL STANDARD BOOK NUMBER
Terms of availability 250.00
International Standard Book Number 9788187649915
035 ## - SYSTEM CONTROL NUMBER
System control number EN-111048 EN-113338
037 ## - SOURCE OF ACQUISITION
Source of stock number/acquisition DBAD/PUB
082 ## - DEWEY DECIMAL CLASSIFICATION NUMBER
Classification number 920
100 ## - MAIN ENTRY--PERSONAL NAME
Personal name Felton,Monica
245 ## - TITLE STATEMENT
Title A Child Widows Story /
Statement of responsibility, etc by Monika Felton
260 ## - PUBLICATION, DISTRIBUTION, ETC. (IMPRINT)
Place of publication, distribution, etc New Delhi
Name of publisher, distributor, etc Katha
Date of publication, distribution, etc 2003
270 ## - ADDRESS
Address A-3 Sarvodaya Enclave Sri Aurobindo Marg
City New Delhi
Postal code 110017
300 ## - PHYSICAL DESCRIPTION
Extent 279p.
Dimensions 20cm(pbk)
500 ## - GENERAL NOTE
General note includes bibliographical references
942 ## - ADDED ENTRY ELEMENTS (KOHA)
Source of classification or shelving scheme Dewey Decimal Classification
Item type English Books
Classification part 920
Call number suffix FEL
Holdings
Withdrawn status Lost status Not for loan Collection code Home library Current library Date acquired Source of acquisition Cost, normal purchase price Full call number Barcode Copy number Cost, replacement price Koha item type
      Non-fiction Sarojini Nagar Sarojini Nagar 22/01/2020 DBAD/PUB 250.00 920 FEL EN-111048 1 250.00 English Books
      Non-fiction Sarojini Nagar Sarojini Nagar 31/08/2021 DBAD/PUB 250.00 920 FEL EN-113338 1 250.00 English Books

© Delhi Public Library
Hit Counter
free hit counter